Most Populous New Jersey Municipalities in 1990 - Statistics

General Stats
  • This quiz has been taken 5 times
  • The average score is 14 of 20
Answer Stats
Population County Status Municipality % Correct
61,464 Hudson City Bayonne
100%
87,471 Camden City Camden
100%
228,564 Hudson City Jersey City
100%
275,225 Essex City Newark
100%
58,195 Passaic City Passaic
100%
88,578 Mercer City Trenton
100%
110,005 Union City Elizabeth
80%
140,737 Passaic City Paterson
80%
57,968 Hudson City Union City
80%
93,098 Middlesex Township Woodbridge
80%
72,271 Passaic City Clifton
60%
76,371 Ocean Township Dover
60%
88,828 Middlesex Township Edison
60%
86,445 Mercer Township Hamilton
60%
54,739 Cumberland City Vineland
60%
66,403 Ocean Township Brick
40%
73,603 Essex City East Orange
40%
67,913 Monmouth Township Middletown
40%
69,404 Camden Township Cherry Hill
20%
61,135 Essex Township Irvington
20%
No matching quizzes found
Score Distribution
Percent of People with Each Score
Percentile by Number Answered
Your Score History
You have not taken this quiz